书目信息 |
| 题名: |
国际体育舞蹈教程
|
|
| 作者: | 徐雄杰 , 朱信龙 编著 | |
| 分册: | ||
| 出版信息: | 合肥 中国科学技术大学出版社 2007 |
|
| 页数: | 289页 | |
| 开本: | 21cm | |
| 丛书名: | ||
| 单 册: | ||
| 中图分类: | J732.8 | |
| 科图分类: | ||
| 主题词: | 交际舞--教材 , 交际舞 | |
| 电子资源: | ||
| ISBN: | 978-7-312-02122-0 | |
| 000 | 00970nam0 2200265 45 | |
| 001 | 1130715202 | |
| 005 | 20110310102314.00 | |
| 010 | @a978-7-312-02122-0@dCNY15.00 | |
| 100 | @a20110121e20092007em y0chiy50 ea | |
| 101 | 0 | @achi |
| 102 | @aCN@b340000 | |
| 105 | @aa z 000yy | |
| 106 | @ar | |
| 200 | 1 | @a国际体育舞蹈教程@AGuo Ji Ti Yu Wu Dao Jiao Cheng@f徐雄杰,朱信龙编著@FXu Xiong Jie, Zhu Xin Long Bian Zhu |
| 210 | @a合肥@c中国科学技术大学出版社@d2007@h2009 | |
| 215 | @a289页@c图@d21cm | |
| 300 | @a中国科学技术大学体育系列教材 | |
| 330 | @a本书介绍体育舞蹈的基础知识。并侧重于说明10个舞种的音乐、风格、舞姿和舞步特征,对本书所涉及的动作列出了重点提示、易犯错误、纠正方法、步法组织和注意事项等。 | |
| 606 | 0 | @a交际舞@j教材 |
| 606 | 0 | @a交际舞 |
| 690 | @aJ732.8@v4 | |
| 701 | 0 | @a徐雄杰@AXu Xiong Jie@c(女,@f1961.9~)@4编著 |
| 701 | 0 | @a朱信龙@AZhu Xin Long@f(1960~)@4编著 |
| 801 | 0 | @aCN@bTANGWEI@c20110310 |
| 905 | @b0531620-22@dJ732.8@e112@f3 | |
| 国际体育舞蹈教程/徐雄杰,朱信龙编著.-合肥:中国科学技术大学出版社,2007(2009) |
| 289页:图;21cm |
| 中国科学技术大学体育系列教材 |
| ISBN 978-7-312-02122-0:CNY15.00 |
| 本书介绍体育舞蹈的基础知识。并侧重于说明10个舞种的音乐、风格、舞姿和舞步特征,对本书所涉及的动作列出了重点提示、易犯错误、纠正方法、步法组织和注意事项等。 |
| ● |
| 相关链接 |
|
|
|
|
正题名:国际体育舞蹈教程
索取号:J732.8/112
 
预约/预借
| 序号 | 登录号 | 条形码 | 馆藏地/架位号 | 状态 | 备注 |
| 1 | 0531620 | 205316200 | 第一样本阅览室/ [索取号:J732.8/112] | 在馆 | |
| 2 | 0531621 | 205316219 | 密集书库-体育系/ [索取号:J732.8/112] | 在馆 | |
| 3 | 0531622 | 205316228 | 第一借阅区/ [索取号:J732.8/112] | 在馆 |